Premier League Players 2020/21 By Name - M - Statistics

General Stats
  • This quiz has been taken 41 times
    34 since last reset
  • The average score is 32 of 48
Answer Stats
Club Nation Position Player % Correct
Manchester United France FW Anthony Martial
100%
Manchester City France DF Benjamin Mendy
100%
West Ham United England GK David Martin
100%
Chelsea Senegal GK Edouard Mendy
100%
Leicester City France MF Nampalys Mendy
100%
Manchester United Serbia MF Nemanja Matic
100%
Liverpool Senegal FW Sadio Mane
100%
Manchester United Scotland MF Scott McTominay
100%
Fulham Serbia FW Aleksandar Mitrovic
92%
Arsenal Brazil FW Gabriel Martinelli
92%
Manchester United England DF Harry Maguire
92%
Liverpool Cameroon DF Joel Matip
92%
Manchester United Spain MF Juan Mata
92%
Chelsea England MF Mason Mount
92%
Manchester City Algeria FW Riyad Mahrez
92%
Liverpool England MF James Milner
83%
Southampton Japan FW Takumi Minamino
83%
Leicester City Jamaica DF Wes Morgan
83%
Everton Colombia DF Yerry Mina
83%
Aston Villa Argentina GK Emiliano Martinez
75%
Leeds United France GK Illan Meslier
75%
Leicester City England MF James Maddison
75%
Wolves Portugal MF Joao Moutinho
75%
Crystal Palace Serbia MF Luka Milivojevic
75%
Aston Villa England DF Tyrone Mings
75%
Brighton & Hove Albion Argentina MF Alexis Mac Allister
67%
Aston Villa Scotland MF John McGinn
67%
Sheffield United Scotland FW Oliver McBurnie
67%
Crystal Palace Ireland MF James McCarthy
58%
Sheffield United France FW Lys Mousset
58%
Brighton & Hove Albion France FW Neal Maupay
58%
West Ham United DR Congo DF Arthur Masuaku
50%
Burnley England DF Ben Mee
50%
Burnley England FW Dwight McNeil
50%
Wolves Brazil DF Fernando Marcal
50%
Crystal Palace Scotland MF James McArthur
50%
Arsenal Spain DF Pablo Mari
50%
Sheffield United Ireland FW David McGoldrick
42%
Fulham Nigeria FW Josh Maja
42%
Fulham Scotland MF Kevin McDonald
42%
West Bromwich Albion England MF Ainsley Maitland-Niles
33%
Crystal Palace France FW Jean-Philippe Mateta
33%
Sheffield United England GK Simon Moore
33%
Newcastle United Spain DF Javier Manquillo
25%
Brighton & Hove Albion England DF Solly March
25%
Newcastle United England FW Jacob Murphy
17%
Brighton & Hove Albion Poland MF Jakub Moder
17%
Crystal Palace England DF Tyrick Mitchell
17%
No matching quizzes found
Score Distribution
Percent of People with Each Score
Percentile by Number Answered
Your Score History
You have not taken this quiz since the last reset